<?xml version="1.0" encoding="UTF-8"?><?xml-stylesheet type="text/xsl" href="static/style.xsl"?><OAI-PMH xmlns="http://www.openarchives.org/OAI/2.0/" xmlns:xsi="http://www.w3.org/2001/XMLSchema-instance" xsi:schemaLocation="http://www.openarchives.org/OAI/2.0/ http://www.openarchives.org/OAI/2.0/OAI-PMH.xsd"><responseDate>2026-04-27T21:31:41Z</responseDate><request verb="GetRecord" identifier="oai:uvadoc.uva.es:10324/3628" metadataPrefix="marc">https://uvadoc.uva.es/oai/request</request><GetRecord><record><header><identifier>oai:uvadoc.uva.es:10324/3628</identifier><datestamp>2025-02-13T10:55:04Z</datestamp><setSpec>com_10324_30605</setSpec><setSpec>com_10324_894</setSpec><setSpec>col_10324_41</setSpec></header><metadata><record xmlns="http://www.loc.gov/MARC21/slim" xmlns:doc="http://www.lyncode.com/xoai" xmlns:xsi="http://www.w3.org/2001/XMLSchema-instance" xmlns:dcterms="http://purl.org/dc/terms/" xsi:schemaLocation="http://www.loc.gov/MARC21/slim http://www.loc.gov/standards/marcxml/schema/MARC21slim.xsd">
<leader>00925njm 22002777a 4500</leader>
<datafield tag="042" ind1=" " ind2=" ">
<subfield code="a">dc</subfield>
</datafield>
<datafield tag="720" ind1=" " ind2=" ">
<subfield code="a">Ramos Sánchez, Sofía</subfield>
<subfield code="e">author</subfield>
</datafield>
<datafield tag="260" ind1=" " ind2=" ">
<subfield code="c">2013</subfield>
</datafield>
<datafield tag="520" ind1=" " ind2=" ">
<subfield code="a">En este trabajo se realiza un análisis integral en los ámbitos mercantil, contable y fiscal con respecto a la regulación vigente de las operaciones de escisión empresarial, determinando las divergencias existentes en dicha regulación. También se lleva a cabo un estudio del contenido de las consultas que cualquier persona interesada inmersa en un proceso de escisión puede realizar a la administración tributaria para que ésta le indique si puede o no acogerse al Régimen Especial del Impuesto sobre Sociedades, por el que se conceden exenciones en dicho impuesto a la tributación de las plusvalías puestas de manifiesto como consecuencia de la operación de escisión, obteniendo información sobre los motivos que llevan al empresario a tomar la decisión de escisión frente a cualquier otra alternativa empresarial. Por último, mediante la regresión logística se determinada un posible perfil financiero de las empresas escindidas en España en 2003 y 2011</subfield>
</datafield>
<datafield tag="024" ind2=" " ind1="8">
<subfield code="a">http://uvadoc.uva.es/handle/10324/3628</subfield>
</datafield>
<datafield tag="024" ind2=" " ind1="8">
<subfield code="a">b1659961</subfield>
</datafield>
<datafield tag="024" ind2=" " ind1="8">
<subfield code="a">10.35376/10324/3628</subfield>
</datafield>
<datafield ind1=" " ind2=" " tag="653">
<subfield code="a">Empresas-Reconversión</subfield>
</datafield>
<datafield ind1=" " ind2=" " tag="653">
<subfield code="a">Empresas-Impuestos</subfield>
</datafield>
<datafield tag="245" ind1="0" ind2="0">
<subfield code="a">Escisión de sociedades: análisis económico-financiero y regulación mercantil, contable y fiscal</subfield>
</datafield>
</record></metadata></record></GetRecord></OAI-PMH>